3 Clubs - 1 joueur #4 - Statistiques

Statistiques générales
  • Ce quiz a été pris 132 fois
  • Le résultat moyen est 3 sur 10
Statistiques - réponses
Clubs Joueur % Correct
Grenoble Foot 38 - Newcastle United - Udinese Florian Thauvin
55%
Manchester City - Liverpool FC - OGC Nice Mario Balotelli
52%
FC Barcelone - Juventus FC - ACF Fiorentina Arthur
42%
FC Barcelone - Manchester United - Inter Milan Alexis Sanchez
34%
Bayern Munich - Stoke City - Olympique lyonnais Xherdan Shaqiri
31%
Arsenal FC - Real Madrid - Tottenham Hotspur Emmanuel Adebayor
30%
Olympique de Marseille - Manchester City - Bayern Munich Daniel Van Buyten
22%
OGC Nice - Fulham FC - Galatasaray SK Jean Michaël Seri
22%
Bayern Munich - Girondins de Bordeaux - Fortuna Düsseldorf Diego Contento
18%
FC Barcelone - Juventus FC - Lazio Rome Martin Caceres
4%
Aucun quiz correspondant
Distribution des résultats
% des personnes avec chaque résultat
Percentile par nombre de réponses
Votre historique - résultats
Vous n’avez pas pris ce quiz